| 000 | 00759cam a2200217 a 4500 | ||
|---|---|---|---|
| 999 |
_c6561 _d6561 |
||
| 001 | 4884 | ||
| 003 | BD-DhUAP | ||
| 005 | 20210104103456.0 | ||
| 008 | 210104s1974 bg abf b f000 0 eng | ||
| 040 |
_aBD-DhUAP _cBD-DhUAP _dBD-DhUAP _bEng |
||
| 082 |
_a339.35492 ALA _223 |
||
| 100 | _aAlamgir, Mohiuddin. | ||
| 245 |
_aBangladesh : _bnational income and expenditure : 1949/50-1969/70 / _cMohiuddin Alamgir and Lodewijk J. J. B. Berlage. |
||
| 260 |
_aDacca : _bBangladesh Institute of Development Studies, _cc1974. |
||
| 300 |
_axvii, 240 pages ; _c21 cm. |
||
| 490 |
_aResearch monograph ; _v1. |
||
| 650 |
_aBangladesh _vNational income. |
||
| 700 | _aBerlage, Lodewijk J. J. B. | ||
| 942 |
_2ddc _cBK |
||